| 000 | 00880nam a2200253Ia 4500 | ||
|---|---|---|---|
| 003 | OSt | ||
| 005 | 20221005113408.0 | ||
| 006 | a|||||r|||| 00| 0 | ||
| 007 | ta | ||
| 008 | 221004b |||||||| |||| 00| 0 pan d | ||
| 020 |
_a9788178835495 (hbk) _c180 |
||
| 024 | _a5369 | ||
| 037 |
_b704, 14/06/2013, H.K. Prakashan _cTextual |
||
| 040 |
_aCRL _cCRL _bpan |
||
| 041 |
_2pan _apan |
||
| 082 | _aO153,2:g, P9 | ||
| 100 | _aਰਵਿੰਦਰ ਸਿੰਘ | ||
| 245 | 0 | _aਸਮਕਾਲੀ ਪੰਜਾਬੀ ਨਾਟਕ ਦੇ ਸਰੋਕਾਰ | |
| 260 |
_aਲੁਧਿਆਣਾ _bਚੇਤਨਾ ਪ੍ਰਕਾFਨ ਭਾਰਤ _c2009 |
||
| 300 |
_a144ਪੰ _ccm. |
||
| 650 | _aਪੰਜਾਬੀ ਸਾਹਿਤ | ||
| 942 |
_hO153,2:g, P9 _cTEXL _2cc |
||
| 999 |
_c1028042 _d1028042 |
||